00392nam a2200133Ia 4500003000400000008004100004020002700045040000800072100002400080245010400104260002400208300001400232365001200246LDD181029s9999 xx 000 0 und d a9780521835213cP 45.00 cLDD aKhomskii, Daniel I. 0aBasic aspects of the quantum theory of solidsborder and elementary excitationscDaniel I. Khomskii aNew YorkbCUPc2010 axiv,301p. bP 45.00